| 000 | 00552nam a2200193Ia 4500 | ||
|---|---|---|---|
| 008 | 191130s1982##################000#0#eng## | ||
| 020 | _a9780521070225 | ||
| 040 |
_aACL _cACL |
||
| 082 | _a338.9 PRE | ||
| 100 | _aPreston, A. J | ||
| 245 |
_aThe theory of economic policy : statics and dynamics _cA.J. Preston , A.R. Pagan |
||
| 260 |
_aCambridge _bCambridge University Press _c1982 |
||
| 300 | _a392 p. 23 cm | ||
| 650 | _aEconomics | ||
| 700 | _aPagan, A. R | ||
| 990 | _a9fbee215ac10000c56ce7a0acfa34a9d | ||
| 991 | _a212697 | ||
| 999 |
_c72835 _d72835 |
||